| 000 | 00454nam a2200157 i 4500 | ||
|---|---|---|---|
| 001 | 57119 | ||
| 003 | ES-MaACL | ||
| 005 | 20230906163522.0 | ||
| 007 | t| | ||
| 008 | 031015q1949 sp ||||1| spa d | ||
| 245 | 0 | 0 | _aDocumentos. |
| 260 |
_aSan Sebastián : _bConversaciones Católicas Internacionales, _c1949- ( _fEscelicer) |
||
| 300 |
_a2 v. ; _c21 cm. |
||
| 700 | 1 |
_aConversaciones Católicas Internacionales. _940335 |
|
| 852 |
_aES-MaACL _j1910-F-3-4 |
||
| 999 |
_c57119 _d57119 |
||